Kluby piłkarskie Wielkiego Londynu - nagła śmierć - Statystyki

Ogólne statystyki
  • Ten quiz został rozwiązany 123 razy
  • Średni wynik to 7 z 16
Answers on the Grid
Answers color-coded by a green-red scale on the quiz's grid according to % correct below.
Barnet FC
Coventry City
Chelsea FC
Fulham FC
Stockport County
Arsenal FC
Tottenham Hotspur
Milton Keynes Dons
Crystal Palace
Millwall FC
Watford FC
Queens Park Rangers
Bromley FC
AFC Barrow
Charlton Athletic
Sutton United
Bolton Wanderers
Leyton Orient
AFC Wimbledon
Luton Town
West Ham United
Doncaster Rovers
Brentford FC
Dagenham & Redbridge FC
 
Statystyki odpowiedzi
Odpowiedź % Poprawnych
Arsenal FC
86%
Chelsea FC
85%
Tottenham Hotspur
77%
West Ham United
76%
Fulham FC
74%
Crystal Palace
68%
AFC Wimbledon
49%
Queens Park Rangers
44%
Brentford FC
33%
Millwall FC
33%
Charlton Athletic
24%
Bromley FC
18%
Barnet FC
14%
Leyton Orient
13%
Dagenham & Redbridge FC
12%
Sutton United
9%
Nie znaleziono quizów pasujących do podanych kryteriów
Rozkład punktacji
Procent ludzi z każdym wynikiem
Percentyl według liczby udzielonych odpowiedzi
Twoja historia wyników
Nie rozwiązałeś tego quizu